000 00774nam a2200229Ii 4500
003 JO-AjNU
008 230605s9999||||xx |||||||||||||| ||und||
017 _a2005/10/2379
020 _a9957-455-04-4
040 _aJO-AjNU
_bara
_erda
_cJO-AjNU
041 _aara
050 1 4 _aB741.T554.K3982 2001
100 3 _aكيلة، سلامة,
_eauthor
_919182
245 0 0 _aمناقشة لفكر ملتبس : المادية والمثالية في الماركسية
250 _aط1
264 3 1 _aعمان: دار ورد للنشر والتوزيع، 2005
300 _a176ص
336 _atext
_btxt
_2rdacontent
337 _aunmediated
_bn
_2rdamedia
338 _avolume
_bnc
_2rdacarrier
650 4 _aالمادية الجدلية- الماركسية- فلسفة
_919183
999 _aA6276
_c9844
_d9844